[Event "Berks & Bucks Challengers op"]
[Site "Maidenhead"]
[Date "2022.08.27"]
[Round "2"]
[White "Pradhan, Ayan"]
[Black "Willis, Alan S"]
[Result "1-0"]
[WhiteElo "1293"]
[BlackElo "1611"]
[PlyCount "87"]
[EventDate "2022.08.27"]
[EventType "swiss"]
[EventRounds "6"]
[EventCountry "ENG"]
[SourceTitle "EXT 2023"]
[Source "ChessBase"]
[SourceDate "2022.10.05"]
[SourceVersion "1"]
[SourceVersionDate "2022.10.05"]
[SourceQuality "1"]

1. e4 c6 2. Nc3 d5 3. Nf3 dxe4 4. Nxe4 Nf6 5. Nxf6+ exf6 6. Bc4 Bd6 7. 0-0 0-0 8. Re1 Nd7 9. d3 Re8 10. Bd2 Nf8 11. c3 Be6 12. Bb3 Qc7 13. Bxe6 fxe6 14. h3 Rad8 15. Qb3 Bc5 16. d4 Bb6 17. a4 a6 18. Nh2 Ba7 19. g3 b6 20. Bf4 Qd7 21. Ng4 Qd5 22. Qxd5 exd5 23. a5 b5 24. Ne3 Ne6 25. Ng2 c5 26. dxc5 Bxc5 27. Re2 Kf7 28. Rd1 d4 29. b4 Ba7 30. cxd4 Bxd4 31. Red2 Bc3 32. Rd7+ Rxd7 33. Rxd7+ Re7 34. Rd6 Bxb4 35. Rxa6 Bc5 36. Bd6 Rd7 37. Bxc5 Nxc5 38. Rb6 Rd1+ 39. Kh2 Rb1 40. a6 Ra1 41. Rb7+ Kg6 42. Nf4+ Kh6 43. Rxb5 Nxa6 44. Rh5# 1-0